006330000a22001450004500090001400000245010500014041001300119500004500132700002500177100002800202942001300230773005300243999001700296952017400313 aARb0419410aNew stereomerini and Rhyparini from Australia, Bordeo and fiji (Coleptera: Scarabaeidae: Aphodiinae)0 aInglés a1 aStorey, R. I.9980961 aHowden, Henry F.998069 cARTICULO1 tMemoirs of the Queensland Museumq175-182d1997? c13291d13291 001040718HEMEROTECAaBogotabBogotad2006-11-09eTrujillo, DiegohFuera de circulaciónl0oAR 04194p023632r2015-03-25 00:00:00t1w2015-03-25xEntregadoyARTICULO